Strength of materials and structural engineering / (Record no. 147599)
[ view plain ]
| 000 -LEADER | |
|---|---|
| fixed length control field | 00543nam a22001817a 4500 |
| 005 - DATE AND TIME OF LATEST TRANSACTION | |
| control field | 20171121110654.0 |
| 010 ## - LCCN (DPL NO) | |
| LC control number | ENG-121517 |
| 020 ## - INTERNATIONAL STANDARD BOOK NUMBER | |
| International Standard Book Number | 9789325982260 |
| Terms of availability | 247.00 |
| 035 ## - SYSTEM CONTROL NUMBER | |
| System control number | EN-105049 |
| 037 ## - SOURCE OF ACQUISITION | |
| Source of stock number/acquisition | DBAD/PUB |
| 082 ## - DEWEY DECIMAL CLASSIFICATION NUMBER | |
| Classification number | 620.11 |
| 100 ## - MAIN ENTRY--PERSONAL NAME | |
| Personal name | Bhavikatti,S.S. |
| 245 ## - TITLE STATEMENT | |
| Title | Strength of materials and structural engineering / |
| Statement of responsibility, etc | by S.S.Bhavikatti |
| 260 ## - PUBLICATION, DISTRIBUTION, ETC. (IMPRINT) | |
| Place of publication, distribution, etc | Noida |
| Name of publisher, distributor, etc | Vikas Publishing House |
| Date of publication, distribution, etc | 2015 |
| 270 ## - ADDRESS | |
| Address | E-28,Sector-8 |
| City | Noida(UP) |
| Postal code | 201301 |
| 300 ## - PHYSICAL DESCRIPTION | |
| Extent | 316p. : |
| Dimensions | 25cm(pbk) |
| Other physical details | ill. |
| 942 ## - ADDED ENTRY ELEMENTS (KOHA) | |
| Source of classification or shelving scheme | Dewey Decimal Classification |
| Item type | English Books |
| Call number suffix | BHA |
| Classification part | 620.11 |
| Withdrawn status | Lost status | Not for loan | Collection code | Home library | Current library | Date acquired | Source of acquisition | Cost, normal purchase price | Full call number | Barcode | Copy number | Cost, replacement price | Koha item type |
|---|---|---|---|---|---|---|---|---|---|---|---|---|---|
| Non-fiction | Ashok Vihar | Ashok Vihar | 21/11/2017 | DBAD/PUB | 247.00 | 620.11 BHA | EN-105049 | 1 | 247.00 | English Books |
